00753nam a22002057a 4500008004100000020001800041050002200059082001700081100003600098245012700134250001800261260003500279300002400314500002300338504003300361650002800394650004300422650003600465700004600501171026t20152004mx |||| |||| 00| 0 spa d a9786070920110 aHV6021 bP46 2015 a364.4bP358p1 aPeñaloza, Pedro Joséeautor aPrevención social del delito b : asignatura pendientec / Pedro José Peñaloza ; prólogo Sergio García Ramírez a5a. edición aMéxicob : Porrúac , 2015 axxix, 237 páginas aIncluye: prólogo 6Bibliografía (pp. 223-231)14aPREVENCIÓN DEL DELITO24aCRIMENxPREVENCIÓNzAMÉRICA LATINA24aCRIMENxPREVENCIÓN zMÉXICO1 aGarcía Ramírez, Sergioe, prologuista